000 01075nam a2200277 a 4500
001 000003758
005 20200929150546.0
008 770217s1977 xxua 000 0 eng
040 _aDO-SdBNP
_bspa
_cBNPHU
082 _a381.13
_bC752s
100 1 _aConn, Charles Paul.
_911433
240 1 4 _aThe possible dream. A candid look at Amway /
245 1 3 _aEl sueño posible :
_bun recorrido sin prejuicios por el mundo de Amway /
_cCharles Paul Conn ; traducción Carmen M. Esteves...[et.al].
260 _aOld Tappan, New Jersey, Estados Unidos :
_bFleming H. Revell,
_c1977.
300 _a158 p. :
_bil., ;
_c22 cm.
610 2 4 _aCORPORACION AMWAY
_xHISTORIA
_911434
600 1 4 _aDeVos, Richard M.
_911435
600 1 4 _aVan Andel, Jay,
_d1924-2004.
_911436
700 1 2 _aEsteves, Carmen M.
_etrad.
_911437
700 1 2 _aEsteves, Rolando
_etrad.
_911438
700 1 2 _aHernández, Evelyn M.
_etrad.
_911439
700 1 2 _aLathroum. Leo
_etrad.
_911440
700 1 2 _aPico, Teresa
_etrad.
_911441
700 1 2 _aPolanco, Coralia
_etrad.
_911442
700 1 2 _aRobles, Mary Jo
_etrad.
_911443
999 _c3580
_d3580